000 01460nam a2200349Ia 4500
001 ebr10717530
003 CaPaEBR
006 m o u
007 cr cn|||||||||
008 020712s2003 ilua sb 001 0 eng d
010 _z 2002010953
020 _z0252028082 (cloth : alk. paper)
020 _z9780252028083
020 _z9780252092237
040 _aCaPaEBR
_cCaPaEBR
035 _a(OCoLC)847527265
050 1 4 _aJK1929.N8
_bR43 2003eb
082 0 4 _a324.6/2/089960730756
_221
100 1 _aRedding, Kent,
_d1962-
245 1 0 _aMaking race, making power
_h[electronic resource] :
_bNorth Carolina's road to disfranchisement /
_cKent Redding.
260 _aUrbana :
_bUniversity of Illinois Press,
_cc2003.
300 _ax, 180 p. :
_bill.
504 _aIncludes bibliographical references (p. [165]-175) and index.
533 _aElectronic reproduction.
_bPalo Alto, Calif. :
_cebrary,
_d2013.
_nAvailable via World Wide Web.
_nAccess may be limited to ebrary affiliated libraries.
610 2 0 _aDemocratic Party (N.C.)
_xHistory.
650 0 _aAfrican Americans
_xSuffrage
_zNorth Carolina
_xHistory.
650 0 _aPower (Social sciences)
_zNorth Carolina
_xHistory.
651 0 _aNorth Carolina
_xPolitics and government
_y1865-1950.
655 7 _aElectronic books.
_2local
710 2 _aebrary, Inc.
856 4 0 _uhttp://site.ebrary.com/lib/rucke/Doc?id=10717530
_zAn electronic book accessible through the World Wide Web; click to view
999 _c27878
_d27878